Fiorentina Biggest Transfers - Statistics

General Stats
  • This quiz has been taken 69 times
  • The average score is 104 of 257
Answer Stats
% Correct
Incomings Colombia RM Juan Cuadrado 13/14 Udinese
93%
Outgoings Colombia RM Juan Cuadrado 14/15 Chelsea
93%
Incomings Germany ST Mario Gomez 13/14 Bayern Munich
93%
Outgoings Germany ST Mario Gomez 16/17 Wolfsburg
93%
Incomings Argentina RW Nicolas Gonzalez 21/22 Stuttgart
91%
Incomings Portugal AM Rui Costa 94/95 Benfica
91%
Outgoings Portugal AM Rui Costa 01/02 Milan
91%
Incomings Morocco DM Sofyan Amrabat 19/20 Hellas Verona
91%
Outgoings Morocco DM Sofyan Amrabat 23/24 Manchester United
91%
Incomings Montenegro ST Stevan Jovetic 08/09 Partizan Belgrade
91%
Outgoings Montenegro ST Stevan Jovetic 13/14 Manchester City
91%
Incomings Serbia ST Dusan Vlahovic 18/19 Partizan Belgrade
88%
Outgoings Serbia ST Dusan Vlahovic 21/22 Juventus
88%
Incomings Italy ST Enrico Chiesa 99/00 Parma
88%
Outgoings Italy LW Federico Chiesa 22/23 Juventus
88%
Outgoings Italy LW Federico Chiesa 20/21 Juventus
88%
Incomings Argentina AM Ezequiel Gonzalez 01/02 Rosario Central
86%
Incomings Argentina ST Giovanni Simeone 17/18 Genoa
84%
Outgoings Argentina ST Giovanni Simeone 20/21 Cagliari
84%
Outgoings Argentina ST Giovanni Simeone 19/20 Cagliari
84%
Incomings France GK Alban Lafont 18/19 Toulouse
81%
Outgoings France GK Alban Lafont 21/22 Nantes
81%
Incomings Ghana CM Alfred Duncan 20/21 Sassuolo
81%
Incomings Ghana CM Alfred Duncan 19/20 Sassuolo
81%
Outgoings Ghana CM Alfred Duncan 20/21 Cagliari
81%
Incomings Argentina ST Gabriel Batistuta 91/92 Boca Juniors
81%
Outgoings Argentina ST Gabriel Batistuta 00/01 Roma
81%
Incomings France RW Jonathan Ikone 21/22 Lille
81%
Incomings Argentina CB Lucas Martinez Quarta 20/21 River Plate
81%
Incomings Romania ST Adrian Mutu 06/07 Juventus
79%
Incomings Brazil ST Arthur Cabral 21/22 Basel
79%
Outgoings Brazil ST Arthur Cabral 23/24 Benfica
79%
Incomings Brazil RB Dodo 22/23 Shakhtar Donetsk
79%
Incomings Brazil CB Igor Julio 21/22 SPAL
79%
Outgoings Brazil CB Igor Julio 23/24 Brighton & Hove Albion
79%
Incomings Slovenia AM Josip Ilicic 13/14 Palermo
79%
Outgoings Slovenia AM Josip Ilicic 17/18 Atalanta
79%
Incomings Ivory Coast LW Christian Kouame 20/21 Genoa
77%
Outgoings Ivory Coast LW Christian Kouame 21/22 Anderlecht
77%
Outgoings Montenegro CB Stefan Savic 15/16 Atletico Madrid
77%
Incomings Spain CM Borja Valero 12/13 Villarreal
74%
Outgoings Spain CM Borja Valero 17/18 Inter Milan
74%
Incomings Italy ST Giuseppe Rossi 12/13 Villarreal
74%
Incomings France CM Jordan Veretout 17/18 Aston Villa
74%
Outgoings France CM Jordan Veretout 20/21 Roma
74%
Outgoings France CM Jordan Veretout 19/20 Roma
74%
Incomings Argentina ST Lucas Beltran 23/24 River Plate
74%
Incomings Italy ST Luca Toni 05/06 Palermo
74%
Outgoings Italy ST Luca Toni 07/08 Bayern Munich
74%
Incomings Croatia ST Nikola Kalinic 15/16 Dnipro Dnipropetrovsk
74%
Outgoings Croatia ST Nikola Kalinic 18/19 Milan
74%
Outgoings Croatia ST Nikola Kalinic 17/18 Milan
74%
Incomings Chile DM Erick Pulgar 19/20 Bologna
70%
Outgoings Chile DM Erick Pulgar 22/23 Flamengo
70%
Outgoings Italy GK Francesco Toldo 01/02 Inter Milan
70%
Incomings Serbia CB Matija Nastasic 11/12 Partizan Belgrade
70%
Outgoings Serbia CB Matija Nastasic 12/13 Manchester City
70%
Incomings Angola ST M'Bala Nzola 23/24 Spezia
70%
Incomings Czech Republic AM Antonin Barak 22/23 Hellas Verona
67%
Outgoings Italy RW Federico Bernardeschi 17/18 Juventus
67%
Incomings Argentina CB German Pezzella 18/19 Real Betis
67%
Outgoings Argentina CB German Pezzella 21/22 Real Betis
67%
Incomings Brazil CM Arthur Melo 23/24 Juventus
65%
Incomings Italy LB Fabiano Parisi 23/24 Empoli
65%
Incomings Peru LB Juan Manuel Vargas 08/09 Catania
65%
Incomings Serbia CB Nikola Milenkovic 17/18 Partizan Belgrade
65%
Incomings Italy ST Alberto Gilardino 08/09 Milan
63%
Outgoings Italy ST Alberto Gilardino 11/12 Genoa
63%
Incomings Spain RB Pol Lirola 20/21 Sassuolo
63%
Incomings Spain RB Pol Lirola 19/20 Sassuolo
63%
Outgoings Spain RB Pol Lirola 21/22 Marseille
63%
Outgoings Italy AM Roberto Baggio 90/91 Juventus
63%
Outgoings Spain LB Marcos Alonso 16/17 Chelsea
60%
Incomings Uruguay CM Matias Vecino 12/13 Nacional
58%
Outgoings Uruguay CM Matias Vecino 17/18 Inter Milan
58%
Incomings Brazil ST Pedro 19/20 Fluminense
58%
Outgoings Brazil ST Pedro 20/21 Flamengo
58%
Outgoings Brazil ST Pedro 19/20 Flamengo
58%
Incomings Italy DM Rolando Mandragora 22/23 Juventus
58%
Incomings France GK Sebastien Frey 06/07 Parma
58%
Outgoings France GK Sebastien Frey 11/12 Genoa
58%
Incomings Brazil CB Felipe Melo 08/09 Almeria
56%
Outgoings Brazil CB Felipe Melo 09/10 Juventus
56%
Incomings Morocco CB Manuel da Costa 07/08 PSV
53%
Outgoings Morocco CB Manuel da Costa 09/10 West Ham United
53%
Incomings Croatia LW Ante Rebic 13/14 RNK Split
51%
Outgoings Croatia LW Ante Rebic 18/19 Eintracht Frankfurt
51%
Incomings Bulgaria ST Valeri Bojinov 04/05 Lecce
51%
Outgoings Bulgaria ST Valeri Bojinov 07/08 Manchester City
51%
Incomings Italy LB Cristiano Biraghi 18/19 Pescara
49%
Incomings Italy CB Giorgio Chiellini 04/05 Livorno
49%
Outgoings Italy CB Giorgio Chiellini 05/06 Juventus
49%
Incomings Italy CM Marco Benassi 17/18 Torino
49%
Incomings Portugal ST Nuno Gomes 00/01 Benfica
49%
Incomings Switzerland DM Valon Behrami 10/11 West Ham United
49%
Outgoings Switzerland DM Valon Behrami 12/13 Napoli
49%
Outgoings Senegal ST Khouma Babacar 18/19 Sassuolo
47%
Outgoings Senegal ST Khouma Babacar 17/18 Sassuolo
47%
Incomings Denmark GK Oliver Christensen 23/24 Hertha Berlin
47%
Incomings Italy ST Patrick Cutrone 19/20 Wolverhampton Wanderers
47%
Incomings Serbia AM Adem Ljajic 09/10 Partizan Belgrade
44%
Outgoings Serbia AM Adem Ljajic 13/14 Roma
44%
Outgoings Serbia LB Aleksa Terzic 23/24 RB Salzburg
44%
Incomings Poland GK Bartlomiej Dragowski 16/17 Jagiellonia
44%
Outgoings Poland GK Bartlomiej Dragowski 22/23 Spezia
44%
Incomings Brazil GK Norberto Neto 10/11 Athletico Paranaense
44%
Incomings Russia SS Aleksandr Kokorin 20/21 Spartak Moscow
42%
Incomings Spain RW Joaquin 13/14 Malaga
42%
Outgoings Spain RW Joaquin 15/16 Real Betis
42%
Incomings Chile AM Matias Fernandez 12/13 Sporting CP
40%
Incomings Italy CM Alberto Aquilani 12/13 Liverpool
37%
Incomings Montenegro ST Predrag Mijatovic 99/00 Real Madrid
37%
Incomings Italy DM Riccardo Montolivo 05/06 Atalanta
37%
Incomings Italy AM Riccardo Saponara 18/19 Empoli
37%
Outgoings Italy AM Riccardo Saponara 18/19 Sampdoria
37%
Incomings Czech Republic CB Tomas Ujfalusi 04/05 Hamburg
37%
Incomings Denmark RW Brian Laudrup 92/93 Bayern Munich
35%
Outgoings Denmark RW Brian Laudrup 93/94 Milan
35%
Incomings Colombia DM Carlos Sanchez 17/18 Aston Villa
35%
Outgoings Romania GK Ciprian Tatarusanu 17/18 Nantes
35%
Incomings Poland GK Artur Boruc 10/11 Celtic
33%
Incomings Italy CB Davide Astori 16/17 Cagliari
33%
Incomings Italy ST Fabrizio Miccoli 04/05 Juventus
33%
Outgoings Italy ST Fabrizio Miccoli 05/06 Juventus
33%
Incomings Italy ST Giampaolo Pazzini 04/05 Atalanta
33%
Outgoings Italy ST Giampaolo Pazzini 08/09 Sampdoria
33%
Incomings Romania AM Ianis Hagi 16/17 Viitorul
33%
Outgoings Romania AM Ianis Hagi 17/18 Viitorul
33%
Incomings Croatia LW Josip Brekalo 22/23 Wolfsburg
33%
Incomings Belgium ST Luis Oliveira 96/97 Cagliari
33%
Incomings Italy LB Manuel Pasqual 05/06 Arezzo
33%
Incomings Poland CM Szymon Zurkowski 18/19 Gornik Zabrze
33%
Outgoings Poland CM Szymon Zurkowski 23/24 Spezia
33%
Incomings Brazil CB Vitor Hugo 17/18 Palmeiras
33%
Outgoings Brazil CB Vitor Hugo 19/20 Palmeiras
33%
Incomings Russia RM Andrei Kanchelskis 96/97 Everton
30%
Outgoings Russia RM Andrei Kanchelskis 98/99 Rangers
30%
Outgoings Switzerland ST Haris Seferovic 13/14 Real Sociedad
30%
Incomings Italy RB Lorenzo De Silvestri 09/10 Lazio
30%
Outgoings Italy RB Lorenzo De Silvestri 14/15 Sampdoria
30%
Outgoings Morocco CM Youssef Maleh 23/24 Lecce
30%
Incomings Italy CB Alessandro Gamberini 05/06 Bologna
28%
Outgoings Italy CB Alessandro Gamberini 12/13 Napoli
28%
Incomings Italy RW Alessio Cerci 10/11 Roma
28%
Outgoings Italy RW Alessio Cerci 12/13 Torino
28%
Incomings Brazil CB Felipe 10/11 Udinese
28%
Incomings Brazil CB Felipe 09/10 Udinese
28%
Incomings Spain DM Mario Suarez 15/16 Atletico Madrid
28%
Outgoings Spain DM Mario Suarez 15/16 Watford
28%
Incomings Argentina ST Mauro Zarate 15/16 West Ham United
28%
Outgoings Argentina ST Mauro Zarate 16/17 Watford
28%
Incomings Serbia CM Zdravko Kuzmanovic 06/07 Basel
28%
Outgoings Serbia CM Zdravko Kuzmanovic 09/10 Stuttgart
28%
Incomings Denmark DM Christian Norgaard 18/19 Brondby
26%
Outgoings Denmark DM Christian Norgaard 19/20 Brentford
26%
Incomings Slovakia CB David Hancko 18/19 Zilina
26%
Outgoings Slovakia CB David Hancko 21/22 Sparta Prague
26%
Incomings Germany LB Jorg Heinrich 98/99 Borussia Dortmund
26%
Outgoings Germany LB Jorg Heinrich 00/01 Borussia Dortmund
26%
Incomings Sweden CM Stefan Schwarz 95/96 Arsenal
26%
Outgoings Sweden CM Stefan Schwarz 98/99 Valencia
26%
Outgoings Czech Republic CB Tomas Repka 01/02 West Ham United
26%
Incomings Morocco AM Abdelhamid Sabiri 22/23 Sampdoria
23%
Incomings Italy CB Dario Dainelli 04/05 Brescia
23%
Outgoings Italy CB Dario Dainelli 09/10 Genoa
23%
Incomings Italy LB Federico Balzaretti 07/08 Juventus
23%
Outgoings Italy LB Federico Balzaretti 07/08 Palermo
23%
Incomings Uruguay LB Maximiliano Olivera 17/18 Penarol
23%
Incomings Croatia DM Milan Badelj 14/15 Hamburg
23%
Incomings Uruguay CM Ruben Olivera 11/12 Lecce
23%
Incomings Uruguay CM Sebastian Cristoforo 17/18 Sevilla
23%
Incomings Angola RB Bruno Gaspar 17/18 Vitoria Guimaraes
21%
Outgoings Angola RB Bruno Gaspar 18/19 Sporting CP
21%
Incomings Italy AM Domenico Morfeo 97/98 Atalanta
21%
Incomings Serbia CB Nenad Tomovic 12/13 Genoa
21%
Outgoings Serbia CB Nenad Tomovic 18/19 Chievo Verona
21%
Incomings Germany CM Stefan Effenberg 92/93 Bayern Munich
21%
Outgoings Germany CM Stefan Effenberg 95/96 Borussia Monchengladbach
21%
Incomings France AM Valentin Eysseric 17/18 Nice
21%
Incomings Burkina Faso CM Bryan Dabo 17/18 Saint-Etienne
19%
Incomings France SS Cyril Thereau 17/18 Udinese
19%
Incomings Italy ST Daniel Osvaldo 07/08 Atalanta
19%
Outgoings Italy ST Daniel Osvaldo 08/09 Bologna
19%
Incomings Italy CB Federico Ceccherini 18/19 Crotone
19%
Outgoings Italy CB Federico Ceccherini 21/22 Hellas Verona
19%
Incomings Italy CM Gaetano Castrovilli 17/18 Bari
19%
Incomings Argentina CM Gino Infantino 23/24 Rosario Central
19%
Outgoings Italy CB Lorenzo Amoruso 97/98 Rangers
19%
Incomings Argentina RW Mario Santana 06/07 Palermo
19%
Incomings Italy RB Moreno Torricelli 98/99 Juventus
19%
Incomings Denmark CB Per Kroldrup 05/06 Everton
19%
Outgoings Brazil SS Ryder Matos 15/16 Udinese
19%
Incomings Uruguay ST Santiago Silva 11/12 Velez Sarsfield
19%
Outgoings Uruguay ST Santiago Silva 11/12 Boca Juniors
19%
Incomings Greece ST Zisis Vryzas 03/04 Perugia
19%
Incomings Italy CM Gaetano D'Agostino 10/11 Udinese
16%
Incomings Italy CM Andrea Lazzari 11/12 Cagliari
14%
Outgoings Italy CM Andrea Lazzari 12/13 Udinese
14%
Outgoings Argentina SS Diego Latorre 92/93 Tenerife
14%
Incomings Sweden CB Glenn Hysen 87/88 Goteborg
14%
Incomings Denmark CB Jacob Rasmussen 18/19 Empoli
14%
Outgoings Denmark CB Jacob Rasmussen 23/24 Brondby
14%
Incomings Chile AM Luis Jimenez 05/06 Ternana
14%
Incomings Italy LB Massimo Gobbi 06/07 Treviso
14%
Incomings Poland AM Rafal Wolski 12/13 Legia Warsaw
14%
Incomings Belgium RB Anthony Vanden Borre 07/08 Anderlecht
12%
Outgoings Romania GK Bogdan Lobont 06/07 Dinamo Bucharest
12%
Outgoings Italy RB Christian Maggio 07/08 Sampdoria
12%
Incomings Nigeria CM Christian Obodo 04/05 Perugia
12%
Incomings Italy DM Cristiano Zanetti 09/10 Juventus
12%
Incomings Italy RB Gianluca Comotto 08/09 Torino
12%
Incomings Morocco CM Houssine Kharja 11/12 Genoa
12%
Incomings Italy RM Marco Marchionni 09/10 Juventus
12%
Incomings Montenegro CM Marko Bakic 13/14 Torino
12%
Incomings Italy RB Mattia Cassani 12/13 Palermo
12%
Incomings Italy RB Mattia Cassani 11/12 Palermo
12%
Incomings Italy DM Michele Pazienza 07/08 Udinese
12%
Outgoings Italy DM Michele Pazienza 07/08 Napoli
12%
Outgoings Italy CM Nicola Berti 88/89 Inter Milan
12%
Incomings Bulgaria CB Petko Hristov 17/18 Slavia Sofia
12%
Outgoings Italy RM Renato Buso 91/92 Sampdoria
12%
Incomings Germany RW Savio Nsereko 09/10 West Ham United
12%
Outgoings Italy RB Alessandro Potenza 08/09 Genoa
9%
Outgoings Italy ST Arturo Lupoli 09/10 Ascoli
9%
Outgoings Italy CB Cristiano Piccini 15/16 Real Betis
9%
Incomings Italy ST Daniele Cacia 07/08 Piacenza
9%
Outgoings Italy ST Daniele Cacia 07/08 Piacenza
9%
Incomings Italy RW Franco Semioli 07/08 Chievo Verona
9%
Outgoings Italy RW Franco Semioli 09/10 Sampdoria
9%
Outgoings Croatia LB Hrvoje Milic 17/18 Olympiacos
9%
Incomings Argentina CB Jose Maria Basanta 14/15 Monterrey
9%
Outgoings Argentina CB Jose Maria Basanta 16/17 Monterrey
9%
Incomings Netherlands CB Kevin Diks 16/17 Vitesse
9%
Outgoings Netherlands CB Kevin Diks 18/19 Empoli
9%
Incomings Italy LB Michele Serena 95/96 Sampdoria
9%
Outgoings Italy LB Michele Serena 98/99 Atletico Madrid
9%
Incomings Italy CM Romulo 11/12 Cruzeiro
9%
Outgoings Italy CM Romulo 14/15 Hellas Verona
9%
Incomings Uruguay DM Andres Schetino 15/16 Fenix
7%
Incomings Italy CB Cesare Natali 09/10 Torino
7%
Incomings Italy DM Francesco Di Tacchio 09/10 Ascoli
7%
Outgoings Slovenia ST Jan Mlakar 17/18 Maribor
7%
Incomings Brazil ST Leandro Amaral 99/00 Portuguesa
7%
Incomings Argentina DM Mario Bolatti 09/10 Porto
7%
Outgoings Argentina DM Mario Bolatti 10/11 Internacional
7%
Incomings Serbia DM Nikola Gulan 07/08 Partizan Belgrade
7%
Outgoings Serbia DM Nikola Gulan 07/08 Sampdoria
7%
Incomings Czech Republic CB Ondrej Mazuch 07/08 Brno
7%
Outgoings Czech Republic CB Ondrej Mazuch 10/11 Anderlecht
7%
Outgoings Brazil ST Reginaldo 07/08 Parma
7%
Outgoings Italy DM Davide Carrus 04/05 Bari
5%
Incomings Italy CB Gianluca Luppi 92/93 Juventus
5%
Incomings Brazil RB Gilberto 15/16 Botafogo
5%
Incomings Uruguay LW Jaime Baez 15/16 Juventud
5%
Outgoings Italy CB Luca Ceccarelli 02/03 Inter Milan
5%
Outgoings Italy LB Stefano Bettarini 99/00 Venezia
5%
Outgoings Italy CM Gianni Munari 11/12 Sampdoria
2%
No matching quizzes found
Score Distribution
Percent of People with Each Score
Percentile by Number Answered
Your Score History
You have not taken this quiz